[Event "Blondes - Brunettes"]
[Site "Moscow"]
[Date "2020.03.15"]
[Round "1.1"]
[White "Kosteniuk, Alexandra"]
[Black "Zhukova, Natalia"]
[Result "1-0"]
[BlackElo "2423"]
[WhiteElo "2521"]
[LiveChessVersion "1.4.8"]

1. e4 {[%clk 0:03:03]} e5 {[%clk 0:03:03]} 2. Nf3 {[%clk 0:03:03]} Nc6
{[%clk 0:03:04]} 3. Bb5 {[%clk 0:03:04]} a6 {[%clk 0:03:04]} 4. Ba4
{[%clk 0:03:05]} Nf6 {[%clk 0:03:04]} 5. O-O {[%clk 0:03:05]} b5 {[%clk 0:03:05]}
6. Bb3 {[%clk 0:03:06]} Bc5 {[%clk 0:03:06]} 7. a4 {[%clk 0:03:06]} Rb8
{[%clk 0:03:06]} 8. c3 {[%clk 0:03:07]} d6 {[%clk 0:03:07]} 9. d4
{[%clk 0:03:08]} Bb6 {[%clk 0:03:09]} 10. axb5 {[%clk 0:03:08]} axb5
{[%clk 0:03:10]} 11. Na3 {[%clk 0:03:09]} O-O {[%clk 0:03:07]} 12. Nxb5
{[%clk 0:03:09]} Bg4 {[%clk 0:03:06]} 13. Ra4 {[%clk 0:03:06]} Qe8
{[%clk 0:02:44]} 14. Bc2 {[%clk 0:02:31]} exd4 {[%clk 0:02:04]} 15. cxd4
{[%clk 0:02:11]} Bh5 {[%clk 0:01:13]} 16. Re1 {[%clk 0:01:55]} Ba5
{[%clk 0:01:03]} 17. Nc3 {[%clk 0:01:55]} Nb4 {[%clk 0:01:04]} 18. Rxa5
{[%clk 0:01:53]} Bxf3 {[%clk 0:01:00]} 19. gxf3 {[%clk 0:01:52]} Qd7
{[%clk 0:00:35]} 20. Rg5 {[%clk 0:01:49]} h6 {[%clk 0:00:22]} 21. Rf5
{[%clk 0:01:49]} Nh7 {[%clk 0:00:15]} 22. Kh1 {[%clk 0:01:32]} Rfe8
{[%clk 0:00:10]} 23. Rg1 {[%clk 0:01:32]} Kh8 {[%clk 0:00:10]} 24. Ba4
{[%clk 0:01:28]} c6 {[%clk 0:00:11]} 25. d5 {[%clk 0:01:26]} Qc7 {[%clk 0:00:07]}
26. dxc6 {[%clk 0:01:22]} f6 {[%clk 0:00:03]} 27. Nd5 {[%clk 0:01:19]} 1-0

[Event "Blondes - Brunettes"]
[Site "Moscow"]
[Date "2020.03.15"]
[Round "1.2"]
[White "Goryachkina, Aleksandra"]
[Black "Maltsevskaya, Aleksandra"]
[Result "1-0"]
[BlackElo "2306"]
[WhiteElo "2441"]
[LiveChessVersion "1.4.8"]

1. e4 {[%clk 0:03:01]} c5 {[%clk 0:03:02]} 2. Nf3 {[%clk 0:03:02]} e6
{[%clk 0:03:00]} 3. c3 {[%clk 0:03:02]} d5 {[%clk 0:02:55]} 4. exd5
{[%clk 0:03:02]} exd5 {[%clk 0:02:55]} 5. d4 {[%clk 0:02:59]} Bd6
{[%clk 0:02:54]} 6. Bb5+ {[%clk 0:02:57]} Nc6 {[%clk 0:02:54]} 7. O-O
{[%clk 0:02:52]} Nge7 {[%clk 0:02:53]} 8. dxc5 {[%clk 0:02:45]} Bxc5
{[%clk 0:02:53]} 9. Nbd2 {[%clk 0:02:45]} a6 {[%clk 0:02:47]} 10. Be2
{[%clk 0:02:41]} O-O {[%clk 0:02:45]} 11. Nb3 {[%clk 0:02:41]} Ba7
{[%clk 0:02:45]} 12. Bf4 {[%clk 0:02:39]} Ng6 {[%clk 0:02:13]} 13. Bg5
{[%clk 0:02:30]} Qd6 {[%clk 0:02:07]} 14. Qd2 {[%clk 0:02:22]} h6
{[%clk 0:01:13]} 15. Be3 {[%clk 0:02:18]} Bxe3 {[%clk 0:01:13]} 16. Qxe3
{[%clk 0:02:17]} Bg4 {[%clk 0:01:04]} 17. Nfd4 {[%clk 0:01:58]} Rfe8
{[%clk 0:00:47]} 18. Qd2 {[%clk 0:01:59]} Bxe2 {[%clk 0:00:39]} 19. Nxe2
{[%clk 0:01:59]} Nce5 {[%clk 0:00:32]} 20. Nbd4 {[%clk 0:01:49]} Ng4
{[%clk 0:00:20]} 21. Ng3 {[%clk 0:01:48]} Qf6 {[%clk 0:00:14]} 22. h3
{[%clk 0:01:40]} N4e5 {[%clk 0:00:15]} 23. Nh5 {[%clk 0:01:26]} Qg5
{[%clk 0:00:05]} 24. Qxg5 {[%clk 0:01:20]} hxg5 {[%clk 0:00:06]} 25. Nf5
{[%clk 0:01:21]} Nf4 {[%clk 0:00:03]} 26. Nfxg7 {[%clk 0:01:10]} Red8
{[%clk 0:00:04]} 27. Nxf4 {[%clk 0:01:04]} gxf4 {[%clk 0:00:05]} 28. Nh5
{[%clk 0:01:05]} f3 {[%clk 0:00:06]} 29. Rfe1 {[%clk 0:01:05]} Nd3
{[%clk 0:00:05]} 30. Re3 {[%clk 0:01:06]} Nxb2 {[%clk 0:00:05]} 31. Rxf3
{[%clk 0:01:07]} Nc4 {[%clk 0:00:05]} 32. Rd1 {[%clk 0:01:07]} Rd6
{[%clk 0:00:04]} 33. Rxd5 {[%clk 0:01:01]} Rad8 {[%clk 0:00:04]} 34. Nf6+
{[%clk 0:00:50]} Kf8 {[%clk 0:00:05]} 35. Rxd6 {[%clk 0:00:48]} Rxd6
{[%clk 0:00:06]} 36. g4 {[%clk 0:00:42]} Nd2 {[%clk 0:00:04]} 37. Rf5
{[%clk 0:00:43]} Nb1 {[%clk 0:00:03]} 38. c4 {[%clk 0:00:39]} Nc3
{[%clk 0:00:04]} 39. a3 {[%clk 0:00:31]} b5 {[%clk 0:00:03]} 40. cxb5
{[%clk 0:00:32]} Nxb5 {[%clk 0:00:00]} 1-0

[Event "Blondes - Brunettes"]
[Site "Moscow"]
[Date "2020.03.15"]
[Round "1.3"]
[White "Bodnaruk, Anastasia"]
[Black "Danielian, Elina"]
[Result "1-0"]
[BlackElo "2262"]
[WhiteElo "2415"]
[LiveChessVersion "1.4.8"]

1. e4 {[%clk 0:03:02]} d6 {[%clk 0:03:00]} 2. d4 {[%clk 0:03:03]} Nf6
{[%clk 0:03:01]} 3. Nc3 {[%clk 0:03:03]} c6 {[%clk 0:03:02]} 4. g3
{[%clk 0:02:56]} Nbd7 {[%clk 0:02:53]} 5. Bg2 {[%clk 0:02:57]} e5
{[%clk 0:02:53]} 6. Nge2 {[%clk 0:02:57]} g6 {[%clk 0:02:46]} 7. O-O
{[%clk 0:02:56]} Bg7 {[%clk 0:02:48]} 8. a4 {[%clk 0:02:47]} O-O {[%clk 0:02:33]}
9. h3 {[%clk 0:02:25]} a5 {[%clk 0:02:24]} 10. Be3 {[%clk 0:02:22]} Re8
{[%clk 0:02:20]} 11. d5 {[%clk 0:02:04]} Nb6 {[%clk 0:01:53]} 12. b3
{[%clk 0:01:54]} cxd5 {[%clk 0:01:49]} 13. Nxd5 {[%clk 0:01:44]} Nbxd5
{[%clk 0:01:44]} 14. exd5 {[%clk 0:01:44]} Qc7 {[%clk 0:01:33]} 15. c4
{[%clk 0:01:41]} b6 {[%clk 0:00:51]} 16. Nc3 {[%clk 0:01:40]} Ba6
{[%clk 0:00:52]} 17. Qc2 {[%clk 0:01:11]} Nd7 {[%clk 0:00:50]} 18. Rae1
{[%clk 0:00:43]} f5 {[%clk 0:00:40]} 19. f4 {[%clk 0:00:31]} Nc5 {[%clk 0:00:28]}
20. fxe5 {[%clk 0:00:26]} Bxe5 {[%clk 0:00:28]} 21. Bf4 {[%clk 0:00:23]} Qg7
{[%clk 0:00:23]} 22. Ne2 {[%clk 0:00:18]} Re7 {[%clk 0:00:17]} 23. Bxe5
{[%clk 0:00:17]} Rxe5 {[%clk 0:00:17]} 24. Nf4 {[%clk 0:00:16]} Rae8
{[%clk 0:00:17]} 25. Rxe5 {[%clk 0:00:09]} Qxe5 {[%clk 0:00:18]} 26. Kh2
{[%clk 0:00:07]} Bc8 {[%clk 0:00:15]} 27. Rf2 {[%clk 0:00:07]} g5
{[%clk 0:00:12]} 28. Re2 {[%clk 0:00:08]} Ne4 {[%clk 0:00:13]} 29. Nh5
{[%clk 0:00:05]} Qd4 {[%clk 0:00:08]} 30. Bxe4 {[%clk 0:00:05]} fxe4
{[%clk 0:00:08]} 31. Rxe4 {[%clk 0:00:06]} Rxe4 {[%clk 0:00:08]} 32. Qxe4
{[%clk 0:00:06]} Qd2+ {[%clk 0:00:04]} 33. Qg2 {[%clk 0:00:06]} Qc3
{[%clk 0:00:05]} 34. Qe2 {[%clk 0:00:05]} Bd7 {[%clk 0:00:04]} 35. Qf2
{[%clk 0:00:06]} Be8 {[%clk 0:00:04]} 36. Nf6+ {[%clk 0:00:07]} Kf8
{[%clk 0:00:05]} 37. Ne4+ {[%clk 0:00:08]} 1-0

[Event "Blondes - Brunettes"]
[Site "Moscow"]
[Date "2020.03.15"]
[Round "1.4"]
[White "Charochkina, Daria"]
[Black "Girya, Olga"]
[Result "1-0"]
[BlackElo "2250"]
[WhiteElo "2332"]
[LiveChessVersion "1.4.8"]

1. d4 {[%clk 0:03:03]} d5 {[%clk 0:03:03]} 2. c4 {[%clk 0:03:03]} c6
{[%clk 0:03:04]} 3. Nc3 {[%clk 0:03:04]} Nf6 {[%clk 0:03:05]} 4. Nf3
{[%clk 0:03:05]} dxc4 {[%clk 0:03:04]} 5. a4 {[%clk 0:03:05]} Bf5
{[%clk 0:03:05]} 6. Nh4 {[%clk 0:03:05]} e6 {[%clk 0:02:53]} 7. Nxf5
{[%clk 0:03:05]} exf5 {[%clk 0:02:54]} 8. e3 {[%clk 0:03:05]} Nbd7
{[%clk 0:02:42]} 9. Bxc4 {[%clk 0:03:03]} Bb4 {[%clk 0:02:43]} 10. Qb3
{[%clk 0:02:54]} Qe7 {[%clk 0:02:04]} 11. Bxf7+ {[%clk 0:02:48]} Qxf7
{[%clk 0:02:05]} 12. Qxb4 {[%clk 0:02:49]} Nb6 {[%clk 0:02:06]} 13. O-O
{[%clk 0:02:41]} Qe7 {[%clk 0:01:58]} 14. Qb3 {[%clk 0:02:38]} Qf7
{[%clk 0:01:57]} 15. Qc2 {[%clk 0:02:38]} Nfd5 {[%clk 0:01:29]} 16. a5
{[%clk 0:02:35]} Nb4 {[%clk 0:01:27]} 17. Qe2 {[%clk 0:02:25]} N6d5
{[%clk 0:01:27]} 18. e4 {[%clk 0:02:26]} fxe4 {[%clk 0:01:22]} 19. Qxe4+
{[%clk 0:02:10]} Qe7 {[%clk 0:01:23]} 20. Qf3 {[%clk 0:02:08]} O-O-O
{[%clk 0:01:16]} 21. a6 {[%clk 0:01:56]} b6 {[%clk 0:01:14]} 22. Bd2
{[%clk 0:01:53]} Rdf8 {[%clk 0:01:03]} 23. Qd1 {[%clk 0:01:41]} Nxc3
{[%clk 0:00:32]} 24. bxc3 {[%clk 0:01:38]} Nd5 {[%clk 0:00:33]} 25. c4
{[%clk 0:01:39]} Nf4 {[%clk 0:00:33]} 26. Re1 {[%clk 0:01:14]} Qd7
{[%clk 0:00:21]} 27. Be3 {[%clk 0:01:06]} Rf6 {[%clk 0:00:18]} 28. d5
{[%clk 0:01:06]} c5 {[%clk 0:00:12]} 29. Qd2 {[%clk 0:00:17]} Rhf8
{[%clk 0:00:04]} 30. Bxf4 {[%clk 0:00:14]} Rxf4 {[%clk 0:00:05]} 31. f3
{[%clk 0:00:14]} Rxc4 {[%clk 0:00:05]} 32. Re6 Rd4 33. Qe2 {[%clk 0:00:10]} Rxd5
{[%clk 0:00:04]} 34. Re7 {[%clk 0:00:10]} Qc6 {[%clk 0:00:03]} 35. Rxa7
{[%clk 0:00:10]} Re8 {[%clk 0:00:05]} 36. Ra8+ {[%clk 0:00:10]} Qxa8
{[%clk 0:00:05]} 37. Qxe8+ {[%clk 0:00:11]} Rd8 {[%clk 0:00:06]} 38. Qe6+
{[%clk 0:00:11]} Kc7 {[%clk 0:00:06]} 39. Qe5+ {[%clk 0:00:12]} Kc8
{[%clk 0:00:07]} 40. Qe6+ {[%clk 0:00:12]} Kc7 {[%clk 0:00:08]} 41. Qe5+
{[%clk 0:00:12]} Kc8 {[%clk 0:00:09]} 42. a7 {[%clk 0:00:12]} Kb7
{[%clk 0:00:03]} 43. Qe7+ {[%clk 0:00:13]} Kc8 {[%clk 0:00:05]} 44. Qe6+
{[%clk 0:00:14]} Kb7 {[%clk 0:00:06]} 45. h3 {[%clk 0:00:14]} Kc7
{[%clk 0:00:05]} 46. Qe5+ Kb7 47. Qe4+ {[%clk 0:00:13]} Kc7 {[%clk 0:00:07]} 48.
Qxh7 {[%clk 0:00:13]} Rd7 {[%clk 0:00:07]} 49. Qf5 {[%clk 0:00:13]} Kc8
{[%clk 0:00:07]} 50. Rd1 {[%clk 0:00:11]} Qxa7 {[%clk 0:00:08]} 51. Qf8+
{[%clk 0:00:13]} 1-0

[Event "Blondes - Brunettes"]
[Site "Moscow"]
[Date "2020.03.15"]
[Round "1.5"]
[White "Voit, Daria"]
[Black "Kovalevskaya, Ekaterina"]
[Result "0-1"]
[BlackElo "2243"]
[WhiteElo "2326"]
[LiveChessVersion "1.4.8"]

1. d4 {[%clk 0:03:01]} Nf6 {[%clk 0:03:03]} 2. Nf3 {[%clk 0:03:02]} d5
{[%clk 0:03:02]} 3. Bf4 {[%clk 0:03:01]} e6 {[%clk 0:03:00]} 4. e3
{[%clk 0:03:02]} c5 {[%clk 0:02:57]} 5. Nbd2 {[%clk 0:03:02]} Nc6
{[%clk 0:02:58]} 6. c3 {[%clk 0:03:02]} Bd6 {[%clk 0:02:58]} 7. Bg3
{[%clk 0:03:00]} O-O {[%clk 0:02:57]} 8. Bb5 {[%clk 0:03:00]} Ne7
{[%clk 0:02:43]} 9. Ne5 {[%clk 0:02:52]} Nf5 {[%clk 0:02:41]} 10. Bf4
{[%clk 0:02:35]} cxd4 {[%clk 0:02:07]} 11. exd4 {[%clk 0:02:25]} Qb6
{[%clk 0:02:06]} 12. Qb3 {[%clk 0:02:20]} Ne4 {[%clk 0:01:49]} 13. Nxe4
{[%clk 0:02:09]} dxe4 {[%clk 0:01:49]} 14. Nc4 {[%clk 0:02:04]} Qd8
{[%clk 0:01:40]} 15. Nxd6 {[%clk 0:02:02]} Nxd6 {[%clk 0:01:40]} 16. Be2
{[%clk 0:02:01]} b6 {[%clk 0:01:24]} 17. O-O {[%clk 0:01:32]} Bb7
{[%clk 0:01:24]} 18. Qb4 {[%clk 0:01:18]} Nf5 {[%clk 0:01:23]} 19. f3
{[%clk 0:01:16]} exf3 {[%clk 0:01:07]} 20. Bxf3 {[%clk 0:01:17]} Bxf3
{[%clk 0:01:07]} 21. Rxf3 {[%clk 0:01:18]} Qd5 {[%clk 0:01:04]} 22. Qb3
{[%clk 0:01:09]} Rad8 {[%clk 0:00:52]} 23. Re1 {[%clk 0:01:02]} Nh4
{[%clk 0:00:37]} 24. Rf2 {[%clk 0:00:58]} Ng6 {[%clk 0:00:37]} 25. Bg3
{[%clk 0:00:54]} h5 {[%clk 0:00:35]} 26. Rf3 {[%clk 0:00:41]} Qg5
{[%clk 0:00:31]} 27. h3 {[%clk 0:00:29]} Rd5 {[%clk 0:00:30]} 28. Qc2
{[%clk 0:00:25]} Rc8 {[%clk 0:00:20]} 29. Qe4 {[%clk 0:00:25]} Rd7
{[%clk 0:00:17]} 30. Ref1 {[%clk 0:00:25]} Rf8 {[%clk 0:00:16]} 31. a3
{[%clk 0:00:26]} Qd5 {[%clk 0:00:17]} 32. Qxd5 {[%clk 0:00:20]} Rxd5
{[%clk 0:00:18]} 33. Kf2 {[%clk 0:00:20]} Ne7 {[%clk 0:00:17]} 34. Ke2
{[%clk 0:00:20]} Nf5 {[%clk 0:00:18]} 35. Bf4 {[%clk 0:00:20]} Nh4
{[%clk 0:00:17]} 36. R3f2 {[%clk 0:00:21]} Nf5 {[%clk 0:00:14]} 37. Kd3
{[%clk 0:00:19]} f6 {[%clk 0:00:13]} 38. Kc2 {[%clk 0:00:18]} Rc8
{[%clk 0:00:14]} 39. Kb3 {[%clk 0:00:19]} Rb5+ {[%clk 0:00:13]} 40. Ka2
{[%clk 0:00:20]} Rd5 {[%clk 0:00:14]} 41. Re1 {[%clk 0:00:19]} Kf7
{[%clk 0:00:15]} 42. a4 {[%clk 0:00:20]} Ra5 {[%clk 0:00:14]} 43. Kb3
{[%clk 0:00:19]} Rd5 {[%clk 0:00:11]} 44. Ka3 {[%clk 0:00:19]} Rc6
{[%clk 0:00:12]} 45. Rf3 {[%clk 0:00:18]} Ne7 {[%clk 0:00:12]} 46. Bb8
{[%clk 0:00:17]} Rd7 {[%clk 0:00:13]} 47. Rfe3 {[%clk 0:00:15]} Nd5
{[%clk 0:00:15]} 48. R3e2 {[%clk 0:00:15]} a6 {[%clk 0:00:16]} 49. Bg3
{[%clk 0:00:11]} Rb7 {[%clk 0:00:15]} 50. Rc1 {[%clk 0:00:10]} b5
{[%clk 0:00:16]} 51. axb5 {[%clk 0:00:11]} axb5 52. Kb3 Ra6 {[%clk 0:00:19]} 53.
Ree1 {[%clk 0:00:12]} Rba7 {[%clk 0:00:19]} 54. Rb1 {[%clk 0:00:11]} Nb6
{[%clk 0:00:20]} 55. Bd6 {[%clk 0:00:11]} Nc4 {[%clk 0:00:20]} 56. Bf4
{[%clk 0:00:12]} Rb7 {[%clk 0:00:20]} 57. Ra1 {[%clk 0:00:10]} Rba7
{[%clk 0:00:15]} 58. Rxa6 {[%clk 0:00:10]} Rxa6 {[%clk 0:00:17]} 59. Rb1
{[%clk 0:00:10]} Ra4 {[%clk 0:00:17]} 60. Re1 {[%clk 0:00:09]} Ra6
{[%clk 0:00:16]} 61. Re2 {[%clk 0:00:10]} Ra4 {[%clk 0:00:17]} 62. Bg3
{[%clk 0:00:10]} Nb6 {[%clk 0:00:13]} 63. Bd6 {[%clk 0:00:10]} Nc4
{[%clk 0:00:13]} 64. Bc5 {[%clk 0:00:10]} Na5+ {[%clk 0:00:11]} 65. Kc2
{[%clk 0:00:10]} Ra1 {[%clk 0:00:12]} 66. Bb4 {[%clk 0:00:09]} Nc4
{[%clk 0:00:12]} 67. b3 {[%clk 0:00:08]} Nb6 {[%clk 0:00:13]} 68. Bc5
{[%clk 0:00:07]} Nd5 69. c4 bxc4 {[%clk 0:00:15]} 70. bxc4 {[%clk 0:00:09]} Ra2+
{[%clk 0:00:16]} 71. Kb3 {[%clk 0:00:04]} Rxe2 {[%clk 0:00:16]} 72. cxd5
{[%clk 0:00:05]} exd5 {[%clk 0:00:17]} 73. g3 {[%clk 0:00:06]} Re3+
{[%clk 0:00:18]} 0-1

[Event "Blondes - Brunettes"]
[Site "Moscow"]
[Date "2020.03.15"]
[Round "1.6"]
[White "Shuvalova, Polina"]
[Black "Bivol, Alina"]
[Result "1-0"]
[BlackElo "2219"]
[WhiteElo "2319"]
[LiveChessVersion "1.4.8"]

1. e4 {[%clk 0:03:03]} e6 {[%clk 0:03:03]} 2. d4 {[%clk 0:03:04]} d5
{[%clk 0:03:04]} 3. Nd2 {[%clk 0:03:05]} Be7 {[%clk 0:02:56]} 4. Bd3
{[%clk 0:03:04]} c5 {[%clk 0:02:55]} 5. dxc5 {[%clk 0:02:55]} Nf6
{[%clk 0:02:51]} 6. exd5 {[%clk 0:02:55]} exd5 {[%clk 0:02:43]} 7. Ngf3
{[%clk 0:02:55]} O-O {[%clk 0:02:30]} 8. O-O {[%clk 0:02:56]} Bxc5
{[%clk 0:02:31]} 9. Nb3 {[%clk 0:02:56]} Bb6 {[%clk 0:02:33]} 10. h3
{[%clk 0:02:55]} Nc6 {[%clk 0:02:34]} 11. c3 {[%clk 0:02:52]} Ne4
{[%clk 0:02:26]} 12. Nbd4 {[%clk 0:02:40]} Re8 {[%clk 0:02:23]} 13. Be3
{[%clk 0:02:36]} Bd7 {[%clk 0:02:09]} 14. Re1 {[%clk 0:02:28]} Qf6
{[%clk 0:02:09]} 15. Nxc6 {[%clk 0:02:15]} Bxc6 {[%clk 0:01:58]} 16. Bxb6
{[%clk 0:02:14]} axb6 {[%clk 0:01:59]} 17. Qb3 {[%clk 0:01:53]} Nc5
{[%clk 0:01:37]} 18. Qc2 {[%clk 0:01:50]} h6 {[%clk 0:01:34]} 19. Nd4
{[%clk 0:01:46]} Bd7 {[%clk 0:01:19]} 20. a3 {[%clk 0:01:36]} g6 {[%clk 0:01:10]}
21. Qd2 {[%clk 0:01:37]} Kg7 {[%clk 0:01:08]} 22. Bc2 {[%clk 0:01:25]} Ne4
{[%clk 0:00:52]} 23. Bxe4 {[%clk 0:01:10]} dxe4 {[%clk 0:00:52]} 24. Re3
{[%clk 0:01:10]} Rad8 {[%clk 0:00:47]} 25. Rae1 {[%clk 0:01:10]} Bc6
{[%clk 0:00:48]} 26. Qc2 {[%clk 0:01:09]} Bd5 {[%clk 0:00:45]} 27. Qa4
{[%clk 0:01:07]} Re7 {[%clk 0:00:27]} 28. Qb4 {[%clk 0:01:08]} Rde8
{[%clk 0:00:26]} 29. Ne2 {[%clk 0:00:56]} Re5 {[%clk 0:00:25]} 30. Ng3
{[%clk 0:00:54]} Qf4 {[%clk 0:00:25]} 31. Qd4 {[%clk 0:00:54]} Qf6
{[%clk 0:00:19]} 32. c4 {[%clk 0:00:47]} Bc6 {[%clk 0:00:16]} 33. b4
{[%clk 0:00:48]} b5 {[%clk 0:00:13]} 34. cxb5 {[%clk 0:00:43]} Rxb5
{[%clk 0:00:11]} 35. Qxf6+ {[%clk 0:00:37]} Kxf6 {[%clk 0:00:12]} 36. Nxe4+
{[%clk 0:00:38]} Bxe4 {[%clk 0:00:13]} 37. Rxe4 {[%clk 0:00:39]} Ra8
{[%clk 0:00:12]} 38. Rf4+ {[%clk 0:00:38]} Kg7 {[%clk 0:00:11]} 39. Re3
{[%clk 0:00:40]} Rd5 {[%clk 0:00:11]} 40. Rc3 {[%clk 0:00:38]} Rd7
{[%clk 0:00:10]} 41. g4 {[%clk 0:00:37]} Ra6 {[%clk 0:00:07]} 42. Kg2
{[%clk 0:00:38]} Re6 {[%clk 0:00:07]} 43. Rfc4 {[%clk 0:00:29]} Ra6
{[%clk 0:00:07]} 44. Rf3 {[%clk 0:00:29]} Re6 {[%clk 0:00:07]} 45. a4
{[%clk 0:00:29]} Ra6 {[%clk 0:00:06]} 46. a5 {[%clk 0:00:28]} Re6
{[%clk 0:00:05]} 47. Rfc3 {[%clk 0:00:26]} Ree7 {[%clk 0:00:04]} 48. Rc5
{[%clk 0:00:22]} Kf6 {[%clk 0:00:03]} 49. R3c4 {[%clk 0:00:22]} Ke6
{[%clk 0:00:03]} 50. Rb5 {[%clk 0:00:18]} Kd6 {[%clk 0:00:03]} 51. Rb6+
{[%clk 0:00:19]} Kd5 {[%clk 0:00:04]} 52. Rc5+ {[%clk 0:00:20]} Kd4
{[%clk 0:00:05]} 53. Rf6 {[%clk 0:00:20]} Rc7 {[%clk 0:00:05]} 54. Rf4+
{[%clk 0:00:19]} Kd3 {[%clk 0:00:05]} 55. Rxc7 {[%clk 0:00:10]} Rxc7
{[%clk 0:00:06]} 56. Rf6 {[%clk 0:00:11]} Kc4 {[%clk 0:00:06]} 57. Rb6
{[%clk 0:00:12]} Re7 {[%clk 0:00:07]} 58. Kf3 {[%clk 0:00:12]} Kd4
{[%clk 0:00:05]} 59. Kf4 {[%clk 0:00:13]} Kc4 {[%clk 0:00:05]} 60. h4
{[%clk 0:00:14]} Kb3 {[%clk 0:00:03]} 61. f3 {[%clk 0:00:14]} Kc4
{[%clk 0:00:04]} 62. h5 {[%clk 0:00:13]} gxh5 {[%clk 0:00:03]} 63. gxh5
{[%clk 0:00:15]} Rd7 {[%clk 0:00:03]} 64. Kf5 {[%clk 0:00:13]} Rd5+
{[%clk 0:00:04]} 65. Kg4 {[%clk 0:00:14]} Rg5+ {[%clk 0:00:05]} 66. Kh4
{[%clk 0:00:15]} Rf5 {[%clk 0:00:06]} 67. Rxb7 Rxf3 {[%clk 0:00:07]} 68. a6
{[%clk 0:00:12]} Ra3 {[%clk 0:00:06]} 69. b5 {[%clk 0:00:13]} Kc5
{[%clk 0:00:07]} 70. Kg4 {[%clk 0:00:12]} Ra4+ {[%clk 0:00:05]} 71. Kf5
{[%clk 0:00:14]} 1-0

[Event "Blondes - Brunettes"]
[Site "Moscow"]
[Date "2020.03.15"]
[Round "1.7"]
[White "Dordzhieva, Dinara"]
[Black "Badelka, Olga"]
[Result "1-0"]
[BlackElo "2153"]
[WhiteElo "2273"]
[LiveChessVersion "1.4.8"]

1. Nf3 {[%clk 0:03:03]} c5 {[%clk 0:03:04]} 2. c4 {[%clk 0:03:03]} g6
{[%clk 0:03:03]} 3. g3 {[%clk 0:03:04]} Bg7 {[%clk 0:03:04]} 4. Nc3
{[%clk 0:03:04]} Nc6 {[%clk 0:03:05]} 5. Bg2 {[%clk 0:03:00]} d6 {[%clk 0:03:06]}
6. a3 {[%clk 0:03:00]} e6 {[%clk 0:03:06]} 7. b4 {[%clk 0:02:53]} cxb4
{[%clk 0:02:52]} 8. axb4 {[%clk 0:02:54]} Nxb4 {[%clk 0:02:53]} 9. Ba3
{[%clk 0:02:55]} Nc6 {[%clk 0:02:53]} 10. Ne4 {[%clk 0:02:44]} Nge7
{[%clk 0:02:12]} 11. Nxd6+ Kf8 12. Rb1 {[%clk 0:02:38]} Qd7 {[%clk 0:02:05]} 13.
O-O {[%clk 0:02:33]} e5 {[%clk 0:01:48]} 14. Ng5 {[%clk 0:02:25]} Nd8
{[%clk 0:01:18]} 15. Bh3 {[%clk 0:02:26]} f5 {[%clk 0:01:13]} 16. e4
{[%clk 0:01:52]} h6 {[%clk 0:01:14]} 17. Nf3 {[%clk 0:01:53]} Nf7
{[%clk 0:01:08]} 18. Nxc8 {[%clk 0:01:38]} Rxc8 {[%clk 0:01:08]} 19. exf5
{[%clk 0:01:40]} gxf5 20. Nh4 Nd6 {[%clk 0:00:48]} 21. Bxd6 {[%clk 0:01:08]} Qxd6
{[%clk 0:00:49]} 22. Rxb7 {[%clk 0:01:09]} Qd3 {[%clk 0:00:16]} 23. Qh5
{[%clk 0:00:47]} Rxc4 {[%clk 0:00:05]} 24. Nxf5 {[%clk 0:00:47]} Nxf5
{[%clk 0:00:05]} 25. Qf7# {[%clk 0:00:47]} 1-0

[Event "Blondes - Brunettes"]
[Site "Moscow"]
[Date "2020.03.15"]
[Round "1.8"]
[White "Guseva, Marina"]
[Black "Obolentseva, Alexandra"]
[Result "1-0"]
[BlackElo "2113"]
[WhiteElo "2259"]
[LiveChessVersion "1.4.8"]

1. d4 {[%clk 0:03:03]} Nf6 {[%clk 0:03:03]} 2. c4 {[%clk 0:03:04]} g6
{[%clk 0:03:03]} 3. Nf3 {[%clk 0:03:05]} Bg7 {[%clk 0:03:04]} 4. g3
{[%clk 0:03:06]} c5 {[%clk 0:03:04]} 5. Bg2 {[%clk 0:03:04]} O-O {[%clk 0:03:03]}
6. O-O {[%clk 0:03:04]} cxd4 {[%clk 0:03:02]} 7. Qxd4 {[%clk 0:03:04]} Nc6
{[%clk 0:02:58]} 8. Qd3 {[%clk 0:03:03]} d6 {[%clk 0:02:56]} 9. Nc3
{[%clk 0:03:03]} Nd7 {[%clk 0:02:20]} 10. b3 {[%clk 0:02:43]} Nc5
{[%clk 0:02:17]} 11. Qd2 {[%clk 0:02:13]} Ne4 {[%clk 0:02:05]} 12. Nxe4
{[%clk 0:02:13]} Bxa1 {[%clk 0:02:05]} 13. Bb2 {[%clk 0:02:10]} Bxb2
{[%clk 0:02:05]} 14. Qxb2 {[%clk 0:02:11]} Bf5 {[%clk 0:01:52]} 15. Nc3
{[%clk 0:02:09]} Rc8 {[%clk 0:01:41]} 16. Rd1 {[%clk 0:02:09]} Qd7
{[%clk 0:01:40]} 17. Nd5 {[%clk 0:02:08]} Be6 {[%clk 0:01:20]} 18. Ng5
{[%clk 0:02:04]} Bxd5 {[%clk 0:01:20]} 19. Bxd5 {[%clk 0:02:04]} e6
{[%clk 0:01:19]} 20. Ne4 {[%clk 0:02:01]} f5 {[%clk 0:01:13]} 21. Bxc6
{[%clk 0:01:39]} Qxc6 {[%clk 0:00:36]} 22. Nf6+ {[%clk 0:01:37]} Kf7
{[%clk 0:00:37]} 23. Nxh7 {[%clk 0:01:36]} e5 {[%clk 0:00:38]} 24. Nxf8
{[%clk 0:01:28]} Kxf8 {[%clk 0:00:38]} 25. Qd2 {[%clk 0:01:29]} Rd8
{[%clk 0:00:36]} 26. Qg5 {[%clk 0:01:26]} Qc7 {[%clk 0:00:32]} 27. Qxg6
{[%clk 0:01:24]} Qf7 {[%clk 0:00:27]} 28. Qg5 {[%clk 0:00:56]} Rd7
{[%clk 0:00:26]} 29. Rd5 {[%clk 0:00:55]} Ke8 {[%clk 0:00:24]} 30. Qh6
{[%clk 0:00:51]} f4 {[%clk 0:00:20]} 31. Rxd6 {[%clk 0:00:48]} Rxd6
{[%clk 0:00:17]} 32. Qxd6 {[%clk 0:00:49]} fxg3 {[%clk 0:00:13]} 33. hxg3
{[%clk 0:00:50]} Qf5 {[%clk 0:00:13]} 34. Qb8+ {[%clk 0:00:48]} Kf7
{[%clk 0:00:14]} 35. Qxb7+ {[%clk 0:00:48]} Kg6 {[%clk 0:00:15]} 36. Qf3
{[%clk 0:00:45]} Qb1+ {[%clk 0:00:15]} 37. Kg2 {[%clk 0:00:46]} e4
{[%clk 0:00:15]} 38. Qg4+ {[%clk 0:00:45]} Kf6 {[%clk 0:00:16]} 39. Qf4+
{[%clk 0:00:46]} Ke6 {[%clk 0:00:16]} 40. Qd2 {[%clk 0:00:44]} Kf6
{[%clk 0:00:12]} 41. c5 {[%clk 0:00:43]} Qa1 {[%clk 0:00:05]} 42. c6
{[%clk 0:00:41]} Ke6 {[%clk 0:00:03]} 43. Qd7+ {[%clk 0:00:40]} 1-0